000 00954nac a22002657a 4500
001 BR4400007
003 BR-BrBNA
005 20240105112832.0
008 230509b bl.|||m| |||| 00| 0 por d
040 _aBR-BrBNA
_bpor
_cBiblioteca Nacional de Agricultura
072 _aH00
090 _aH00 BR4400007
100 1 _aLeao, M.A. de
110 1 _aDepartamento Nacional de Producao Vegetal, Rio de Janeiro, GB (Brasil). Div. de Defesa Sanitaria Vegetal
245 1 _aExpurgo de produtos agricolas em pequenas quantidades [defesa vegetal]
250 1 _a2. ed.
260 3 _aRio de Janeiro, GB (Brasil):
_bServico de Informacao Agricola,
_c1944.
300 _a15 p.
490 _aPublicacao - Departamento Nacional de Producao Vegetal. Div. de Defesa Sanitaria Vegetal (Brazil)
_vno. 15
_x
500 _a5 illus.
650 _aEXPURGO
650 _aCONTROLE QUIMICO
909 _a202312
_bLúcia Elande
_c55
_dLúcia Elande
942 _2AGRIS
_n0
_cMS
999 _c260524
_d260524